000 01093nam a2200301 a 4500
003 DO-SdBNP
005 20250204073952.0
007 ta
008 091202t2018 dr ac 000 e spa d
020 _a9789945481914
040 _aDO-SdBNP
_bspa
_cBNPHU
082 4 _aRD864.44
_bB583p 2018
_222
100 1 _aBichara, Rubén,
_d1960-
_931618
245 1 0 _aPáginas revueltas /
_cRubén Jiménez Bichara ; Prólogo Mariano Lebrón Saviñón; Editor, Rafael Grullón
250 _a5ta ed. ampliada
260 _aSanto Domingo :
_bCentenario,
_c2018.
300 _a236 p. :
_bil., retrs. ;
_c24 cm.
500 _aIncluye datos biográficos del autor en las solapas.
590 _aInventariado, 2021/LP
590 _aLa biblioteca posee 1 ejemplar autografiado por el autor.
650 0 _aEnsayos dominicanos
_965
650 4 _aAutores en literatura
_xEnsayos, conferencias, etc.
_931619
650 0 _aLiteratura dominicana.
_967
700 1 _aLebrón Saviñon, Mariano
_d1922-2014
_epról.
_97227
700 1 _aGrullón, Rafael,
_eeditor.
_931620
910 _aLopérez
942 _2ddc
_cLBS1
999 _c50791
_d50791